| 000 | 01433nam a2200373uu 4500 | ||
|---|---|---|---|
| 001 | 200426362 | ||
| 003 | TR-IsYBT | ||
| 005 | 20240808153705.0 | ||
| 008 | 170426s2016 tu tur | ||
| 020 | _a9786059310246 | ||
| 040 |
_aTR-IsYBT _beng _cTR-AnTOB _dTR-AnTOB |
||
| 041 | _atur | ||
| 050 |
_aHG230.3 _bY39 2016 |
||
| 090 |
_aHG230.3 _bY39 2016 |
||
| 100 |
_aYazgan, Erhan _eaut. |
||
| 245 | 1 |
_aPara politikası : _bbir örnek olarak Türkiye Cumhuriyet Merkez Bankasının tepki fonksiyonunun tahmini / _cErhan Yazgan ; tez danışmanı : Sevinç Mıhcı. |
|
| 250 | _aFirst edition. | ||
| 264 |
_aİstanbul : _bİktisadî Araştırmalar Vakfı, _c2016. |
||
| 300 |
_axxii, 280 s. : _bgraf., tabl. ; _c23 cm. |
||
| 336 |
_2rdacontent _atext _btxt |
||
| 337 |
_2rdamedia _aunmediated _bn |
||
| 338 |
_2rdacarrier _avolume _bnc |
||
| 490 | 0 |
_aİktisadî Araşırmalar Vakfı Yayınları ; _v40 |
|
| 500 |
_aBibliyografya içerir. _xKitaplaştırılmış doktora tezi. |
||
| 504 | _aIncludes bibliographical references. | ||
| 650 | 0 |
_aPara politikası _xteori |
|
| 650 | 0 |
_aMonetary policy _xtheory |
|
| 650 | 0 |
_aPara politikası uygulamaları _xmerkez bankaları |
|
| 650 | 0 |
_aMonetary policy practices _xCentral banks |
|
| 650 | 0 |
_aPara politikası uygulamaları _xTürkiye |
|
| 650 | 0 |
_aMonetary policy practices _xTurkey |
|
| 942 |
_2lcc _cBK _eFirst edition. |
||
| 999 |
_c200426362 _d44286 |
||